| 000 | 00639nam a2200241Ia 4500 | ||
|---|---|---|---|
| 008 | 220216s9999 xx 000 0 und d | ||
| 100 | _aAnand K | ||
| 245 | 0 | _aEffect of starch nanocrystals on natural rubber latex vulcanizate properties | |
| 260 |
_bProgress in Rubber, Plastics and Recycling Technology _c2018 |
||
| 300 | _a75-87 | ||
| 500 | _aSource Year: 2018 | ||
| 650 | _aCorn starch | ||
| 650 | _aMechanical properties | ||
| 650 | _aSEM | ||
| 650 | _aStarch nanocrystals | ||
| 650 | _aSwelling | ||
| 650 | _aXRD | ||
| 700 | _aBose S | ||
| 700 | _aKurian T | ||
| 700 | _aVarghese S | ||
| 856 | _uCopy | ||
| 942 | _cJS | ||
| 999 |
_c58152 _d58152 |
||